100 największych kaszubskich miejscowości na mapie - Statystyki

Ogólne statystyki
  • Ten quiz został rozwiązany 147 razy
  • Średni wynik to 29 z 100
Odpowiedzi na mapie
Odpowiedzi zakodowano w zielono-czerwonej skali na mapie do tego quizu, zgodnie z poniższymi procentami.
 
Statystyki odpowiedzi
Gard/Wies Lëdztwò Kréz % Poprawnych
Gduńsk 486022
97%
Gdyniô 245222
97%
Sopòt 32962
95%
Hél 2975 Pùcczi
94%
Wejrowò 47357 Wejrowsczi
93%
Stołpskò|Słëpskò 85580
89%
Wiôlgô Wies 9613 Pùcczi
86%
Pùck 10868 Pùcczi
84%
Rëmiô 51879 Wejrowsczi
82%
Kartuzë 14204 Kartësczi
81%
Jastarniô 2665 Pùcczi
80%
Réda 28190 Wejrowsczi
80%
Ùszcz 14088 Stôłpsczi
80%
Chònice 39275 Chònicczi
79%
Lãbórg 34500 Lãbòrsczi
79%
Łeba 3036 Lãbòrsczi
78%
Kòscérzna 23723 Kòscérsczi
76%
Bëtowò 16739 Bëtowsczi
74%
Człëchòwò 12650 Człëchòwsczi
60%
Żukòwò 6652 Kartësczi
54%
Miastkò 9154 Bëtowsczi
47%
Czersk 9572 Chònicczi
42%
Brusë 5146 Chònicczi
39%
Lëzëno 8019 Wejrowsczi
36%
Kòbëlnica 4843 Stôłpsczi
34%
Hamersztëno 5472 Człëchòwsczi
31%
Kòsôkòwò 2561 Pùcczi
31%
Serakòjce 8204 Kartësczi
30%
Kòlbùde 3692 Gduńsczi
27%
Prësczi Frédląd| Debrzno 4722 Człëchòwsczi
27%
Banino 9835 Kartësczi
26%
Chwaszczëno 4611 Kartësczi
26%
Stãżëca 2580 Kartësczi
26%
Kãpice 3225 Stôłpsczi
24%
Somònino 3327 Kartësczi
24%
Nowô Wies 2800 Lãbòrsczi
23%
Bòżépòle Wiôldżé 1971 Wejrowsczi
21%
Kòwôle 6001 Gduńsczi
21%
Lëpùsz 2687 Kòscérsczi
21%
Szëmôłd 2264 Wejrowsczi
21%
Przedkòwò 2216 Kartësczi
20%
Chmielno 1780 Kartësczi
19%
Przëwidz 1676 Gduńsczi
19%
Bòjano 4200 Wejrowsczi
18%
Bólszewò 9774 Wejrowsczi
18%
Dzemiónë 2017 Kòscérsczi
18%
Lëniô 1928 Wejrowsczi
18%
Łubianô 2254 Kòscérsczi
18%
Mòstë 3504 Pùcczi
18%
Stôrô Cziszewa 1709 Kòscérsczi
18%
Cewice 2042 Lãbòrsczi
17%
Lezno 1896 Kartësczi
17%
Redzëkòwò 1513 Stôłpsczi
17%
Sëlëczëno 1552 Kartësczi
17%
Gniéwino 2068 Wejrowsczi
16%
Gòscëcëno 6581 Wejrowsczi
16%
Kòrsëno 2074 Kòscérsczi
16%
Pògòrzé 7793 Pùcczi
16%
Żelëstrzewò 2849 Pùcczi
16%
Tëchómie 1730 Kartësczi
15%
Mrzeżëno 2691 Pùcczi
14%
Ritel 2457 Chònicczi
14%
Borkòwò 1712 Kartësczi
13%
Charzëkòwë 2331 Chònicczi
13%
Dãbnica 3640 Stôłpsczi
13%
Przëjazniô 2484 Kartësczi
13%
Strzebielëno 3226 Wejrowsczi
13%
Dãbògòrzé 2452 Pùcczi
12%
Dzërzãzno 1627 Kartësczi
12%
Kôłpino 4496 Kartësczi
12%
Lëblewò 3235 Gduńsczi
12%
Pãpòwò 3284 Kartësczi
12%
Przechlewò 2863 Człëchòwsczi
12%
Gòwidlëno 1713 Kartësczi
11%
Czelno 2008 Wejrowsczi
10%
Główczëce 1636 Stôłpsczi
10%
Kòleczkòwò 2184 Wejrowsczi
10%
Sëchi Dwór 1512 Pùcczi
10%
Gòwino 3065 Wejrowsczi
9%
Łebcz 2128 Pùcczi
9%
Wiôldżi Klincz 2273 Kòscérsczi
9%
Kãbłowò 3804 Wejrowsczi
8%
Kòczała 1912 Człëchòwsczi
8%
Skòrzewò 1744 Kòscérsczi
8%
Wierzchùcëno 2157 Pùcczi
8%
Górnô Brodnica 1635 Kartësczi
7%
Lëbòwidz 2462 Lãbòrsczi
7%
Miechùcëno 1649 Kartësczi
7%
Niestãpòwò 1505 Kartësczi
7%
Òrlé 2087 Wejrowsczi
7%
Pôłchòwò 2869 Pùcczi
7%
Pôłczëno 1686 Pùcczi
7%
Semiónice 3456 Stôłpsczi
7%
Skrzeszewò 1531 Kartësczi
7%
Dobrzewino 1727 Wejrowsczi
6%
Lesniewò 1907 Pùcczi
6%
Czëczkòwë 1495 Chònicczi
5%
Szemrejce 1557 Lãbòrsczi
5%
Łãczëce 1590 Wejrowsczi
3%
Żukòwò Wies 1920 Kartësczi
2%
Nie znaleziono quizów pasujących do podanych kryteriów
Rozkład punktacji
Procent ludzi z każdym wynikiem
Percentyl według liczby udzielonych odpowiedzi
Twoja historia wyników
Nie rozwiązałeś tego quizu